Responses for show #7837 - Tuesday, October 9, 2018

Contestants

[<< previous game]

Greg Antoine, a programmer from Miami, Florida

Jen Aronoff, an attorney from Chicago, Illinois

Alex Schmidt, a writer and comedian from Pasadena, California (whose 1-day cash winnings total $20,798)

[next game >>]

Jeopardy! Round responses

A BOOK BY ITS COVER
GREEK LETTER, PLEASE
WHAT TREE AM I?
TV FOR SHORT
FILL IN THE PHRASE
CHRISTIANE AMANPOUR
(Christiane Amanpour: I'm Christiane Amanpour, reporting on a career devoted to bringing viewers the news.)
    $200 17
Charlotte's Web

Greg
    $200 16
Alpha Canis Majoris

Triple Stumper
    $200 6
(Alex Schmidt: What are the Sierra Nevadas?)

redwood

Alex
Triple Stumper
    $200 1
Law & Order: Special Victims Unit

Alex
    $200 11
pound foolish

Greg
    $200 23
(Muammar) Qaddafi

Alex
    $400 18
The Da Vinci Code

Alex
    $400 22
a delta

Jen
    $400 7
the maple tree

Jen
    $400 2
How I Met Your Mother

Jen
    $400 12
Mudville

Alex
    $400 24
AIDS

Jen
    $600 19
the Little Red Book (or Quotations from Chairman Mao)

Alex
    $600 29
kappa

Greg
    $600 8
the old oak tree

Alex
    $600 3
30 Minute Meals

Jen
    $600 13
bait

Alex
    $600 25
Gilmore Girls

Alex
    $800 20
a Tyrannosaurus rex

Jen
    $800 30
iota

Alex
    $1,000 9
the birch

Alex
    $800 4
The Real Housewives of New York

Jen
    $800 14
thieves

Greg
    $800 26
Sarajevo

Alex
    $1000 21
(Alex Trebek: Stephen Hawking, the man in the wheelchair.)

A Brief History of Time

Alex
    $1000 28
sigma

Alex
    $1000 10
aspen

Alex
    $1000 5
How to Get Away with Murder

Jen
    $1000 15
(Alex Trebek: Thank Mark Twain for that great quote.)

statistics

Alex
    $1000 27
(Alex Trebek: And I do want to thank Christiane Amanpour for sharing some great moments from her fantastic career with us as clues on Jeopardy!)

Iran

Greg

Scores at the first commercial break (after clue 15):

Alex Jen Greg
$4,600 $3,200 $1,000

Scores at the end of the Jeopardy! Round:

Alex Jen Greg
$10,000 $4,800 $2,800

Double Jeopardy! Round responses

THE FACEBOOK OF JOB
PEOPLE IN SCIENCE
BEFORE & AFTER AT THE MALL
CROSSWORD CLUES "Y"
OTHER CONSTITUTIONS
THE AMERICAN MUSIC AWARDS
(Alex: Which air tonight.)
    $400 17
(Alex Schmidt: What is his beard?)

his head

AlexGreg
    $400 15
Fahrenheit

Greg
    $400 9
(Greg: What is Victoria's Secret? ...Oh.)

Victoria's Secret Santa

AlexGreg
    $400 24
yen

Alex
    $400 22
(Alex Trebek: Less than a minute now.)

Islam

Jen
    $400 1
Gwen Stefani

Alex
    $800 18
camels

Jen
    $800 14
Copernicus

Greg
    $800 10
Barnes & Noble gases

Greg
    $800 25
(Greg: Uh... pass.)

the YMCA

AlexGreg
    $800 6
a monarchy

Alex
    $800 2
Whitney Houston

Greg
    $2,500 19
Jordan

Jen
    $1200 16
(Greg: Who is Goodall?)

Mary Leakey

Greg
Triple Stumper
    $1200 11
L.L. Bean-counter

Jen
    $1200 26
[The end-of-round signal sounds.]

yield

Alex
    $1200 7
veterans

Alex
    $1200 3
Pink

Greg
    $1600 20
dear wife

Triple Stumper
    $1600 12
Leroy Neiman Marcus

Triple Stumper
    $1600 8
Ireland

Jen
    $1600 4
Drake

Jen
    $2000 21
boils

Greg
    $2000 13
Bed Bath & "Beyond The Sea"

Alex
    $4,000 23
(Jen: What is Armenia?)

Ethiopia

Jen
    $2000 5
Shawn Mendes

Alex

Scores at the end of the Double Jeopardy! Round:

Alex Jen Greg
$18,800 $8,900 $6,800
(lock game)

[wagering suggestions for these scores]

Final Jeopardy! Round responses

WORLD LEADERS
GregWho is Weisel
$2,101
JenWho
$4,701
AlexWho is Winston Churchill?
$81
Winston Churchill

Final scores:

Alex Jen Greg
$18,881 $4,199 $4,699
2-day champion: $39,679 3rd place: $1,000 2nd place: $2,000

Game dynamics:

Coryat scores:

Alex Jen Greg
$18,600 $11,600 $6,800
24 R
(including 1 DD),
2 W
14 R
(including 1 DD),
1 W
(including 1 DD)
12 R,
3 W

Combined Coryat: $37,000

The J! Archive is created by fans, for fans. The Jeopardy! game show and all elements thereof, including but not limited to copyright and trademark thereto, are the property of Jeopardy Productions, Inc. and are protected under law. This website is not affiliated with, sponsored by, or operated by Jeopardy Productions, Inc. Join the discussion at JBoard.tv.